| 000 | 00826nam a2200253 a 4500 | ||
|---|---|---|---|
| 001 | 51179 | ||
| 003 | BD-RjUL | ||
| 005 | 20211209075624.0 | ||
| 008 | 160816s1946 cau 000 0 mul d | ||
| 035 | _a(OCoLC)ocm02723730 | ||
| 035 | _a(BD-RjUL)51299 | ||
| 040 |
_aNLM _cNLM _dTLM _dBD-RjUL _beng |
||
| 041 | _aeng | ||
| 060 | 1 | 0 |
_aPL 1455 _bC518c 1946 |
| 082 |
_a495.132 _bCHC 1946 |
||
| 099 |
_a899.651 _aC42 |
||
| 100 | 1 |
_aChen, Shourong. _9153119 |
|
| 245 | 1 | 2 |
_aA concise English-Chinese dictionary : _bwith romanized standard pronunciation / _c[by] Shau Wing Chan (Shou-jung Ch'en). |
| 260 |
_aStanford University, Calif. : _bStanford university press, _c[1946] |
||
| 300 |
_axviii, 390 p.: _bill.; _c21 cm. |
||
| 650 | 0 |
_aEnglish language _vDictionaries _xChinese. _9153120 |
|
| 942 |
_2ddc _cBK |
||
| 999 |
_c51179 _d51179 |
||